घरकुल (Record no. 120112)

MARC details
000 -LEADER
fixed length control field 00458nam a2200181Ia 4500
008 - FIXED-LENGTH DATA ELEMENTS--GENERAL INFORMATION
fixed length control field 090124s9999 xx 000 0 und d
082 ## - DEWEY DECIMAL CLASSIFICATION NUMBER
Item number 6171
Classification number 77
100 ## - MAIN ENTRY--PERSONAL NAME
Personal name काणेकर अनंत
245 ## - TITLE STATEMENT
Title घरकुल
250 ## - EDITION STATEMENT
Edition statement 1
260 ## - PUBLICATION, DISTRIBUTION, ETC. (IMPRINT)
Date of publication, distribution, etc 1941
300 ## - PHYSICAL DESCRIPTION
Extent 125
600 ## - SUBJECT ADDED ENTRY--PERSONAL NAME
Personal name काणेकर अनंत
630 ## - SUBJECT ADDED ENTRY--UNIFORM TITLE
Uniform title घरकुल
700 ## - ADDED ENTRY--PERSONAL NAME
Personal name काणेकर अनंत
730 ## - ADDED ENTRY--UNIFORM TITLE
Uniform title घरकुल
942 ## - ADDED ENTRY ELEMENTS (KOHA)
Koha item type Book
Holdings
Withdrawn status Lost status Damaged status Not for loan Home library Current library Date acquired Cost, normal purchase price Total Checkouts Full call number Barcode Date last seen Cost, replacement price Price effective from Koha item type
        Marathi Granth Sangrahalaya,Thane Marathi Granth Sangrahalaya,Thane   1.25   6171 THNMGS-6171 01/24/2009 1.25 01/24/2009 Book